Lesebuch: Deutsche literatur der siebziger jahre

保存先:
書誌詳細
第一著者: Buchwald, Christoph
フォーマット: 図書
言語:Undetermined
出版事項: Berlín, Alemania VerlagKlaus Wagenbach 1984
主題:
タグ: タグ追加
タグなし, このレコードへの初めてのタグを付けませんか!

MARC

LEADER 00000nam a2200000Ia 4500
008 170316s9999 xx 000 0 und d
040 |a cru BVZT 
090 |a 830 B-15L 
100 |a Buchwald, Christoph 
245 |a Lesebuch: Deutsche literatur der siebziger jahre 
260 |a Berlín, Alemania 
260 |b VerlagKlaus Wagenbach 
260 |c 1984 
300 |a 222 páginas 
650 |a LITERATURA ALEMANA 
999 |c 7291  |d 7291 
942 |c 15 D  |h 830 B-15L  |2 z